000 00564cab a2200181 4500
001 WB2319-09
008 090401t1987 xxu||||| |||| 00| 0 eng d
035 _a(Sirsi) u374
041 _aeng
245 _aQA scheme for engineers
260 _c1987
350 _a0
490 _aBuilding Trades Journal
_v193(5705) 14/5/87 p5
520 _aA quality assurance scheme, Engineering Contractors Quality Assurance (EQUAL) offers third-party quality assurance to engineering contracting companies.
690 _aBUILT ENVIRONMENT
942 _n0
948 _c04/03/1997
999 _c146
_d146